Music Quiz

Random Music or Album Quiz

The Clash Albums Quiz Stats

 Plays Quiz Updated Mar 7, 2016

Score 0/6 Timer 04:00
0 Plays Today
Year Album % Correct
1979London Calling
96.2%
1977The Clash
93.1%
1982Combat Rock
75.4%
1980Sandinista!
74.3%
1978Give 'Em Enough Rope
67%
1985Cut the Crap
51.3%

You're not logged in!

Compare scores with friends on all Sporcle quizzes.
OR
Log In

Sporcle TV

Today on Sporcle TV


Watch our educational content, quiz creation guides, and fun videos on Sporcle TV.

Show Comments

Extras

Top Quizzes Today


Score Distribution

Your Account Isn't Verified!

In order to create a playlist on Sporcle, you need to verify the email address you used during registration. Go to your Sporcle Settings to finish the process.

Report this User

Report this user for behavior that violates our Community Guidelines.

Details: